Football Club of Pioneers - Statistics

General Stats
  • This quiz has been taken 2 times
  • The average score is 3 of 32
Answer Stats
Country Club % Correct
Wales Wrexham A.F.C.
100%
Northern Ireland Cliftonville F.C.
50%
Scotland Queen's Park F.C.
50%
England Sheffield F.C.
50%
Portugal Académica de Coimbra
0%
San Marino AC Libertas
0%
Uruguay Albion F.C.
0%
Saudi Arabia Al-Ittihad Club
0%
Australia Balgownie Rangers FC
0%
Germany BFC Germania 1888
0%
Bulgaria Botev Plovdiv
0%
Luxembourg CS Fola Esch
0%
Switzerland FC St. Gallen
0%
Austria First Vienna FC
0%
North Macedonia FK Ljuboten
0%
Lithuania FK Sveikata Kybartai
0%
Italy Genoa CFC
0%
Hong Kong Hong Kong F.C.
0%
Denmark Kjøbenhavns Boldklub
0%
Netherlands Koninklijke HFC
0%
India Mohun Bagan Super Giant
0%
New Zealand North Shore United AFC
0%
Norway Odds BK
0%
Sweden Örgryte IS
0%
Spain Recreativo de Huelva
0%
Belgium Royal Antwerp F.C.
0%
Chile Santiago Wanderers
0%
South Africa Savages FC Pietermaritzburg
0%
Malta St. George's F.C.
0%
Suriname S.V. Voorwaarts
0%
Faroe Islands Tvøroyrar Bóltfelag
0%
Japan Yokohama C.A.C.
0%
No matching quizzes found
Score Distribution
Percent of People with Each Score
Percentile by Number Answered
Your Score History
You have not taken this quiz